000 01179nam a2200265 a 4500
001 000018836
005 20200929165850.0
008 100519s1998 sp a 000 0 spa d
020 _a843060278X
040 _aDO-SdBNP
_bspa
_cBNPHU
082 _annnn
_bH758e
100 1 _aHolton, Gerald James,
_940591
240 1 0 _aEinstein, historia and other passions. the rebellion against science at the end of the twentieth century.
_lEspañol.
245 1 0 _aEinstein, historia y otras pasiones :
_bla rebelión contra la ciencia en el final del siglo XX / Gerald Holton ; traducción de José Javier García Sanz /
_cGerald Holton ; traducción de José Javier García Sanz.
260 _aMadrid :
_bTaurus,
_c1998.
300 _a312 p. :
_bil. ;
_c22 cm.
490 1 _aPensamiento
534 _pTítulo original en inglés:
_tEinstein, historia and other passions. the rebellion against science at the end of the twentieth century.
_cNew York : AIP, 1995
500 _aIncluye notas al pie de las páginas.
500 _aIncluye índice
700 1 _aGarcía Sanz, José Javier,
_etr.
_940592
830 0 _aPensamiento
_99245
910 _aCatalogación original
049 _aBNGR
999 _c18356
_d18356